| 000 | 00771cab a2200229 4500 | ||
|---|---|---|---|
| 001 | ABS47465 | ||
| 008 | 090401t1992 xxu||||| |||| 00| 0 eng d | ||
| 035 | _a(Sirsi) u62090 | ||
| 041 | _aeng | ||
| 100 | _aBurton, M. | ||
| 245 | _aPicking up the pieces in the housing crash | ||
| 260 | _c1992 | ||
| 350 | _a0 | ||
| 490 |
_aMunicipal Journal _v(46) 13 November 1992, 31(1) |
||
| 520 | _aExamines the Joseph Rowntree Foundation`s "Extent of negative equity" report on the crisis of negative equity affecting not only homeowners but local authorities. | ||
| 650 | _aHOUSE PRICES | ||
| 650 | _aJOSEPH ROWNTREE FOUNDATION | ||
| 650 | _aNEGATIVE EQUITY | ||
| 690 | _aPROPERTY-RESIDENTIAL PROPERTY-RESIDENTIAL PROPERTY MARKET | ||
| 942 | _n0 | ||
| 948 | _c04/03/1997 | ||
| 999 |
_c38559 _d38559 |
||